| 000 | 00000nam 2200000za 4500 |
| 001 | 9.643763 |
| 003 | CaOODSP |
| 005 | 20240624082226 |
| 007 | cr ||||||||||| |
| 008 | 150407|1966||||xxc|||||o f|0| 0 fre d |
| 040 | |aCaOODSP|bfre |
| 043 | |an-cn--- |
| 086 | 1 |aZ1-1962/1-1F-PDF |
| 245 | 00|aRapport de la Commission royale d'enquête sur la fiscalité. Tome 1 |h[ressource électronique] : |bintroduction, remerciements et rapports minoritaires / |cKenneth LeM. Carter, président. |
| 260 | |aOttawa : |bBureau du Conseil privé, |c1966, c1967. |
| 300 | |a162 p. : |bgraphique |
| 500 | |aPublication historique numérisée en 2008 par le Bureau du Conseil privé du Canada. |
| 590 | |a15-04-Supp|b2015-03-19 |
| 691 | 07|aCommission d'enquête|2gcpds |
| 691 | 07|aImpôt|2gcpds |
| 710 | 1 |aCanada. |bBureau du Conseil privé. |
| 775 | 08|tReport of the Royal Commission on Taxation. Vol. 1 : |w(CaOODSP)9.699807 |
| 856 | 40|ahttp://publications.gc.ca|qPDF|s6.44 Mo|uhttps://publications.gc.ca/collections/collection_2014/bcp-pco/Z1-1962-1-1-fra.pdf |